Karma: the Philosophy Impact on Life (Record no. 176933)

MARC details
000 -LEADER
fixed length control field 00571nam a22001817a 4500
005 - DATE AND TIME OF LATEST TRANSACTION
control field 20210203104427.0
010 ## - LCCN (DPL NO)
LC control number ENG-128932
020 ## - INTERNATIONAL STANDARD BOOK NUMBER
International Standard Book Number 978-93-90030-90-3
Terms of availability 164.00
035 ## - SYSTEM CONTROL NUMBER
System control number EN-112464
037 ## - SOURCE OF ACQUISITION
Source of stock number/acquisition DBAD/PUB
082 ## - DEWEY DECIMAL CLASSIFICATION NUMBER
Classification number 181.41
100 ## - MAIN ENTRY--PERSONAL NAME
Personal name Naragatti, Siddappa
245 ## - TITLE STATEMENT
Title Karma: the Philosophy Impact on Life
Statement of responsibility, etc Siddappa Naragatti
260 ## - PUBLICATION, DISTRIBUTION, ETC. (IMPRINT)
Place of publication, distribution, etc Delhi
Name of publisher, distributor, etc Blue Rose Publishers
Date of publication, distribution, etc 2020
270 ## - ADDRESS
City Delhi
Postal code 110002
Address 4233/1, Ansari Road, Darya Ganj
Electronic mail address info@bluerosepublishers.com
300 ## - PHYSICAL DESCRIPTION
Extent 149p.
Dimensions 21cm(pbk)
942 ## - ADDED ENTRY ELEMENTS (KOHA)
Source of classification or shelving scheme Dewey Decimal Classification
Item type English Books
Classification part 181.41
Call number suffix NAR
Holdings
Withdrawn status Lost status Not for loan Collection code Home library Current library Date acquired Source of acquisition Cost, normal purchase price Full call number Barcode Copy number Cost, replacement price Koha item type
      Non-fiction Sarojini Nagar Sarojini Nagar 03/02/2021 DBAD/PUB 164.00 181.41 NAR EN-112464 1 164.00 English Books

© Delhi Public Library
Hit Counter
free hit counter